La ética mira a la izquierda

Guardat en:
Dades bibliogràfiques
Autor principal: Guisán, Esperanza (Autor)
Format: Llibre
Idioma:espanyol
Publicat: Madrid Tecnos 1992
Matèries:
Etiquetes: Afegir etiqueta
Sense etiquetes, Sigues el primer a etiquetar aquest registre!

MARC

LEADER 00000nam a2200000 a 4500
001 UCW7687
003 CL-VaPUC
008 930623e19920000SP |||||||||||||||||spa|d
082 0 4 |a 320.01  |b GUI  |2 21 
100 |a Guisán, Esperanza  |e author  |9 602882 
245 1 3 |a La ética mira a la izquierda 
300 |a 126 p 
942 |c BK 
945 |d 19930623 00:00:00 
260 |a Madrid  |b Tecnos  |c 1992 
650 0 |a Etica política   |9 255799 
650 0 |a Ética  |9 255099 
583 |a last modification  |c 19930623 00:00:00  |k Rodrigo Vera 
999 |c 220373  |d 220371 
952 |0 0  |1 0  |4 0  |6 320_010000000000000_GUI_1992  |7 0  |8 A  |9 212508  |a BIBEDU  |b BIBEDU  |d 2019-11-15  |i 2807114  |o 320.01 GUI 1992  |p 2807114  |r 2019-11-15  |w 2019-11-15  |y BK  |k EDU